[Event "Weekend Ostia Antica"]
[Site "Ostia - Roma ITA"]
[Date "1996.??.??"]
[Round "4"]
[White "Arca', Luciano"]
[Black "Fico, Tommaso"]
[Result "0-1"]
[WhiteElo "1510"]
[BlackElo "1570"]
[PlyCount "126"]
[EventDate "1996.??.??"]

1. e4 c5 2. d4 cxd4 3. Nf3 Nc6 4. Nxd4 Nf6 5. Nc3 d6 6. Bb5 Qc7 7. Bg5 e5 8.
Bxc6+ bxc6 9. Nf3 Be7 10. O-O O-O 11. Re1 Be6 12. Bxf6 Bxf6 13. Re3 Rad8 14.
Rd3 Qb7 15. b3 d5 16. Ne1 g6 17. Qf3 Bg7 18. Rad1 f5 19. Qh3 Qf7 20. exd5 cxd5
21. Na4 e4 22. R3d2 Qe7 23. Qe3 d4 24. Qe2 Bd5 25. c4 d3 26. Rxd3 Bxc4 27. bxc4
Rxd3 28. Nxd3 Qa3 29. Ndc5 Rc8 30. Rd5 Bf8 31. Qe3 Qxa2 32. g3 Qxc4 33. Rd4 Qf7
34. Rd7 Qc4 35. Qb3 Qxb3 36. Nxb3 a5 37. Rd5 Bb4 38. Nbc5 Kg7 39. Ne6+ Kh6 40.
Nac5 Kh5 41. Kg2 Ra8 42. Kh3 Kh6 43. Kh4 Be1 44. Nb3 a4 45. Nbd4 Bxf2 46. Nxf5+
gxf5 47. Rxf5 Bxg3+ 48. hxg3 Kg6 49. Rg5+ Kf6 50. Nc5 e3 51. Ne4+ Ke6 52. Nc5+
Kf6 53. Rg4 a3 54. Rf4+ Ke5 55. Rf1 Kd4 56. Nb3+ Kc3 57. Nc1 a2 58. Nxa2+ Rxa2
59. Rf3 Kd2 60. Rf5 Ra4+ 61. g4 Rd4 62. Ra5 e2 63. Ra2+ Ke1 0-1

[Event "Weekend Ostia Antica"]
[Site "Ostia - Roma ITA"]
[Date "1996.??.??"]
[Round "4"]
[White "Barro, Carlo"]
[Black "Scacco, Mauro"]
[Result "1/2-1/2"]
[WhiteElo "1771"]
[BlackElo "2055"]
[PlyCount "79"]
[EventDate "1996.??.??"]

1. e4 e5 2. Nf3 Nc6 3. Bc4 Bc5 4. O-O d6 5. b4 Bxb4 6. c3 Ba5 7. h3 Bb6 8. d4
Qf6 9. d5 Nb8 10. Qe2 h6 11. Na3 Ne7 12. Nc2 Ng6 13. a4 Nf4 14. Bxf4 Qxf4 15.
Kh1 O-O 16. g3 Qf6 17. Kh2 g5 18. a5 Bc5 19. Nce1 a6 20. Rb1 Qg6 21. g4 c6 22.
Nd3 Ba7 23. Nd2 Nd7 24. Nb4 c5 25. Nc2 b5 26. axb6 Nxb6 27. Ne3 Qf6 28. Nf5
Bxf5 29. gxf5 Rab8 30. Bxa6 Na4 31. Rxb8 Rxb8 32. Rb1 Qd8 33. Qh5 Rxb1 34. Qxh6
f6 35. Qg6+ Kf8 36. Nxb1 c4 37. Qh7 Qb6 38. Qh8+ Kf7 39. Qh7+ Kf8 40. Qh8+
1/2-1/2

[Event "Weekend Ostia Antica"]
[Site "Ostia - Roma ITA"]
[Date "1996.??.??"]
[Round "4"]
[White "De Francesco, Massimo"]
[Black "Ridolfi, Raffaele"]
[Result "0-1"]
[WhiteElo "1740"]
[BlackElo "1672"]
[PlyCount "80"]
[EventDate "1996.??.??"]

1. c4 Nf6 2. f4 g6 3. Nf3 c6 4. b3 Bg7 5. Bb2 O-O 6. g3 d5 7. cxd5 cxd5 8. Bg2
Bg4 9. O-O Bxf3 10. Bxf3 Nc6 11. Kh1 Rc8 12. a3 e6 13. d3 Qe7 14. Qd2 b6 15. e3
Na5 16. Bd1 Rfd8 17. Be5 Nc6 18. Nc3 Nxe5 19. fxe5 Nd7 20. d4 Bh6 21. Nb5 Ra8
22. Qf2 Rf8 23. Bf3 f6 24. Qg2 fxe5 25. Nc7 e4 26. Bg4 Rac8 27. Rxf8+ Rxf8 28.
Nxe6 Rf6 29. Nf4 Bxf4 30. gxf4 Kf8 31. Rc1 Qd8 32. Qh3 Rf7 33. Be6 Re7 34. f5
Kg7 35. Bxd5 Nf6 36. Be6 Qd6 37. a4 Qa3 38. Qf1 Ng4 39. Rc8 Qb2 40. Rg8+ Kh6
0-1

[Event "Weekend Ostia Antica"]
[Site "Ostia - Roma ITA"]
[Date "1996.??.??"]
[Round "4"]
[White "Di Lascio, Savino"]
[Black "Cesarini, Lanfranco"]
[Result "0-1"]
[WhiteElo "1621"]
[BlackElo "1798"]
[PlyCount "102"]
[EventDate "1996.??.??"]

1. Nf3 Nc6 2. g3 d5 3. d4 Nf6 4. Bg2 Bf5 5. Nc3 Nb4 6. Nh4 Bxc2 7. Qd2 Bg6 8.
Nxg6 hxg6 9. e4 dxe4 10. Nxe4 e6 11. Nxf6+ Qxf6 12. a3 Qxd4 13. Bxb7 Qe5+ 14.
Qe2 Nc2+ 15. Kf1 Qxe2+ 16. Kxe2 Rb8 17. Bc6+ Kd8 18. Rd1+ Bd6 19. Ra2 e5 20.
Bd5 Nd4+ 21. Kf1 Ke7 22. Kg2 c6 23. Bc4 Rh5 24. Be3 c5 25. h4 f6 26. f4 exf4
27. Bxd4 cxd4 28. Rxd4 fxg3 29. b4 Be5 30. Re4 Rbh8 31. Rae2 Rxh4 32. Rxe5+
fxe5 33. Rxe5+ Kf6 34. Re6+ Kf5 35. Rc6 Rh2+ 36. Kg1 Rd8 37. Bb3 Rdd2 38. b5
Rhe2 39. Rc1 Kf4 40. a4 Rb2 41. Bd5 Red2 42. Bc6 Rbc2 43. Rb1 Rb2 44. Rxb2 Rxb2
45. a5 Ke5 46. a6 Kd6 47. Be4 Rxb5 48. Kg2 Ra5 49. Kxg3 Rxa6 50. Bxg6 Ke5 51.
Be8 Rf6 0-1

[Event "Weekend Ostia Antica"]
[Site "Ostia - Roma ITA"]
[Date "1996.??.??"]
[Round "4"]
[White "Giovannetti, Fabio"]
[Black "Gardon, Ermanno"]
[Result "0-1"]
[WhiteElo "1471"]
[BlackElo "1716"]
[PlyCount "100"]
[EventDate "1996.??.??"]

1. e4 e6 2. d4 d5 3. Nc3 Nf6 4. Bg5 Bb4 5. e5 h6 6. Bd2 Bxc3 7. bxc3 Ne4 8. Bd3
Nxd2 9. Qxd2 c5 10. Be2 Nc6 11. Nf3 Qa5 12. O-O cxd4 13. Nxd4 Nxe5 14. Qf4 Ng6
15. Qd6 a6 16. Rab1 Qd8 17. Qxd8+ Kxd8 18. c4 Nf4 19. Rbd1 Bd7 20. Bf3 e5 21.
Ne2 Nxe2+ 22. Bxe2 d4 23. c3 Ba4 24. Rd2 d3 25. Bxd3 Kc7 26. Rb2 Bc6 27. Re1
Rad8 28. Bf1 f6 29. g3 Rd6 30. Bg2 Rhd8 31. Bxc6 Kxc6 32. Kf1 Rd2 33. Re2 Rxb2
34. Rxb2 Rd3 35. Rb3 Rd2 36. a3 b6 37. Kg2 Ra2 38. Kf3 a5 39. Ke3 a4 40. Rb4
Rxa3 41. Kd3 Ra2 42. f3 a3 43. h4 Kc5 44. Rb5+ Kc6 45. Rb4 f5 46. Rb5 e4+ 47.
fxe4 fxe4+ 48. Ke3 Rb2 49. Re5 a2 50. Re6+ Kd7 0-1

[Event "Weekend Ostia Antica"]
[Site "Ostia - Roma ITA"]
[Date "1996.??.??"]
[Round "4"]
[White "Maddaloni, Giovanni"]
[Black "Rotondi, Paolo"]
[Result "1/2-1/2"]
[WhiteElo "1583"]
[BlackElo "1591"]
[PlyCount "75"]
[EventDate "1996.??.??"]

1. e4 c6 2. d4 d5 3. exd5 cxd5 4. c4 Nf6 5. Nf3 g6 6. Nc3 Bg4 7. Qb3 Qb6 8. c5
Qxb3 9. axb3 Bxf3 10. gxf3 Nc6 11. Ra4 Bg7 12. Bh3 O-O 13. O-O e6 14. Be3 a6
15. Rfa1 Rad8 16. Rd1 h6 17. b4 Ne8 18. b5 axb5 19. Nxb5 Kh7 20. Rda1 e5 21.
Kg2 f5 22. dxe5 Bxe5 23. Nd4 Nxd4 24. Bxd4 Bxd4 25. Rxd4 Nf6 26. Ra7 Rd7 27. b4
Rc8 28. Kg1 Kg7 29. Bf1 Kf7 30. Bd3 Rcc7 31. h4 Ke6 32. Bb5 Rh7 33. Ra1 g5 34.
Re1+ Kf7 35. Bd3 gxh4 36. Bxf5 Rg7+ 37. Kh2 Rg5 38. Bh3 1/2-1/2

[Event "Weekend Ostia Antica"]
[Site "Ostia - Roma ITA"]
[Date "1996.??.??"]
[Round "4"]
[White "Mogranzini, Roberto"]
[Black "Petruccioli, Antonio"]
[Result "0-1"]
[WhiteElo "1771"]
[BlackElo "2007"]
[PlyCount "106"]
[EventDate "1996.??.??"]

1. e4 c5 2. Nf3 a6 3. d4 cxd4 4. Nxd4 Nf6 5. Nc3 e5 6. Nb3 Bb4 7. Bd2 O-O 8.
Bd3 Bxc3 9. Bxc3 d5 10. exd5 Nxd5 11. Qd2 Nc6 12. O-O-O Nxc3 13. Qxc3 Qg5+ 14.
Kb1 Qxg2 15. Qc5 Be6 16. Rhg1 Qh3 17. Rg3 Qxh2 18. Be4 Rad8 19. Re1 g6 20. a3
Rfe8 21. Nc1 Nd4 22. Nd3 Qh6 23. Nxe5 Qd2 24. Rh1 Qxf2 25. Rd3 Rc8 26. Nc6
Qxc2+ 27. Qxc2 Nxc2 28. Kxc2 bxc6 29. Rg1 Bb3+ 30. Rxb3 Rxe4 31. Rh3 Kg7 32.
Rgh1 h5 33. Rg1 Kh6 34. Rf3 f5 35. Rd3 Re6 36. Rd4 g5 37. Rd7 c5 38. Rgd1 h4
39. Rb7 g4 40. Rdd7 Kg5 41. Rh7 h3 42. Rhg7+ Kf4 43. Rbd7 Rcc6 44. Rd2 Re3 45.
Rf2+ Rf3 46. Re2 c4 47. Rd7 g3 48. Rd4+ Kg5 49. Re8 g2 50. Rdd8 Rg6 51. Rg8
Rxg8 52. Rxg8+ Kf4 53. a4 Rg3 0-1

[Event "Weekend Ostia Antica"]
[Site "Ostia - Roma ITA"]
[Date "1996.??.??"]
[Round "4"]
[White "Moroni, Marco"]
[Black "Brandi, Flaviano"]
[Result "1-0"]
[WhiteElo "1842"]
[BlackElo "1755"]
[PlyCount "162"]
[EventDate "1996.??.??"]

1. e4 c5 2. Nf3 d6 3. c3 Nf6 4. d3 e6 5. Bg5 Be7 6. Nbd2 h6 7. Bh4 Nbd7 8. d4
Qc7 9. Bd3 O-O 10. O-O Re8 11. Re1 e5 12. Bb5 a6 13. Bxd7 Nxd7 14. Bg3 b5 15.
b3 Bf6 16. d5 g6 17. h3 Bg7 18. Qe2 Nf6 19. a4 Bd7 20. axb5 axb5 21. Bh4 Nh5
22. Bg3 Qb6 23. Bh2 Qb7 24. Nf1 Rxa1 25. Rxa1 Ra8 26. Qb2 Ra7 27. N3d2 Qa8 28.
Rxa7 Qxa7 29. g4 Nf4 30. Bxf4 exf4 31. Qc2 Qa1 32. c4 Bc3 33. Kg2 Qb2 34. Qxb2
Bxb2 35. cxb5 Bxb5 36. Nc4 Bxc4 37. bxc4 Bc3 38. Nh2 g5 39. Nf3 f6 40. Kf1 Kf8
41. Ke2 Ke7 42. Kd3 Bb4 43. Ng1 Be1 44. Ke2 Bc3 45. Kf3 Kf7 46. Ne2 Bd2 47. Ng1
Ke7 48. Ke2 Bc3 49. Kd3 Be5 50. f3 Kd7 51. Ne2 Kc7 52. Kc2 Kb6 53. Kb3 Ba1 54.
Nc1 Be5 55. Ka4 Ka6 56. Nb3 Bc3 57. Ka3 Kb6 58. Ka2 Ka6 59. Kb1 Kb6 60. Kc2 Be5
61. Nd2 Ka5 62. Kb3 Kb6 63. Nb1 Kc7 64. Na3 Kd7 65. Nb5 Bd4 66. Nxd4 cxd4 67.
Kc2 Kc7 68. Kd3 Kb7 69. Kxd4 Kb6 70. Kd3 Ka6 71. Kc3 Ka7 72. Kb3 Kb7 73. Kc2
Ka7 74. Kd3 Ka6 75. Kd4 Kb6 76. c5+ Kc7 77. Kc4 Kd7 78. c6+ Kd8 79. Kb5 Kc8 80.
Kb6 Kb8 81. Ka5 Ka7 1-0

[Event "Weekend Ostia Antica"]
[Site "Ostia - Roma ITA"]
[Date "1996.??.??"]
[Round "4"]
[White "Perez, Giorgio"]
[Black "Quaglia, Ferdinando"]
[Result "1-0"]
[WhiteElo "1824"]
[BlackElo "1541"]
[PlyCount "25"]
[EventDate "1996.??.??"]

1. e4 Nf6 2. d3 Nc6 3. Nf3 d6 4. Be2 Bg4 5. c3 Bxf3 6. Bxf3 e5 7. Be3 Be7 8.
Nd2 d5 9. exd5 Nxd5 10. Qe2 Qd7 11. Nf1 Nxe3 12. Nxe3 O-O-O 13. Bg4 1-0

[Event "Weekend Ostia Antica"]
[Site "Ostia - Roma ITA"]
[Date "1996.??.??"]
[Round "4"]
[White "Spano' Cuomo, Gaetano"]
[Black "Pezzaldi, Roberto"]
[Result "0-1"]
[WhiteElo "1704"]
[BlackElo "2013"]
[PlyCount "90"]
[EventDate "1996.??.??"]

1. d4 e6 2. c4 f5 3. Nc3 Nf6 4. Nf3 Be7 5. Bg5 O-O 6. Bxf6 Bxf6 7. e4 g6 8. Bd3
Nc6 9. e5 Bg7 10. Qe2 Nb4 11. O-O-O Nxd3+ 12. Rxd3 b6 13. d5 exd5 14. Nxd5 Ba6
15. Ra3 Bb7 16. Qd2 Re8 17. Nf6+ Bxf6 18. exf6 d6 19. f7+ Kxf7 20. Qh6 Kg8 21.
Ng5 Qd7 22. h4 Qg7 23. Qxg7+ Kxg7 24. h5 h6 25. Nf3 g5 26. Kd2 Kf6 27. Re1 a5
28. g3 Bxf3 29. Rxf3 Rxe1 30. Kxe1 Re8+ 31. Kd2 g4 32. Rd3 Re4 33. b3 Kg5 34.
a4 Kxh5 35. Rd5 Kg5 36. Kd3 Re5 37. Kd4 c5+ 38. Kd3 Rxd5+ 39. cxd5 f4 40. Kc4
fxg3 41. fxg3 h5 42. Kb5 h4 43. gxh4+ Kxh4 44. Kc6 g3 45. Kxd6 g2 0-1

[Event "Weekend Ostia Antica"]
[Site "Ostia - Roma ITA"]
[Date "1996.??.??"]
[Round "4"]
[White "Vannelli, Vittorio"]
[Black "Trebeschi, Andrea"]
[Result "1/2-1/2"]
[WhiteElo "1633"]
[BlackElo "1756"]
[PlyCount "73"]
[EventDate "1996.??.??"]

1. d4 d6 2. c4 Nf6 3. Nc3 g6 4. e4 Bg7 5. Nf3 O-O 6. Be2 Nbd7 7. O-O e5 8. d5
Nc5 9. Qc2 a5 10. Ne1 Ne8 11. Be3 b6 12. f3 f5 13. Nd3 Nxd3 14. Bxd3 f4 15. Bf2
g5 16. Be2 h5 17. h3 Rf6 18. Be1 Rg6 19. Rd1 g4 20. fxg4 hxg4 21. Bxg4 Bxg4 22.
hxg4 Bf6 23. Rd3 Bh4 24. Rh3 Bxe1 25. Rxe1 Nf6 26. Rf1 Nxg4 27. Nd1 Qg5 28. Qe2
Kg7 29. Rff3 Rh8 30. Rxh8 Kxh8 31. Rh3+ Kg7 32. Qf3 Rh6 33. Rxh6 Kxh6 34. Nf2
Nxf2 35. Kxf2 Qh4+ 36. Ke2 Kg5 37. Kd3 1/2-1/2

[Event "Weekend Ostia Antica"]
[Site "Ostia - Roma ITA"]
[Date "1996.??.??"]
[Round "4"]
[White "Verrascina, Nicola"]
[Black "Pompa, Alessandro"]
[Result "1/2-1/2"]
[WhiteElo "2090"]
[BlackElo "2091"]
[PlyCount "29"]
[EventDate "1996.??.??"]

1. e4 c6 2. d4 d5 3. e5 h5 4. Bd3 h4 5. h3 Nh6 6. Qh5 c5 7. c3 Nc6 8. Nf3 cxd4
9. cxd4 Nb4 10. Bb5+ Bd7 11. Bxd7+ Qxd7 12. Na3 e6 13. O-O Be7 14. Bg5 Bxg5 15.
Nxg5 1/2-1/2

[Event "Weekend Ostia Antica"]
[Site "Ostia - Roma ITA"]
[Date "1996.??.??"]
[Round "5"]
[White "Brandi, Flaviano"]
[Black "Di Lascio, Savino"]
[Result "1-0"]
[WhiteElo "1755"]
[BlackElo "1621"]
[PlyCount "39"]
[EventDate "1996.??.??"]

1. e4 c6 2. Nc3 d5 3. Nf3 dxe4 4. Nxe4 Nf6 5. Ng3 h5 6. Bc4 h4 7. Nf1 h3 8. Ne3
hxg2 9. Nxg2 Qd6 10. d3 Bg4 11. Bf4 Bxf3 12. Qxf3 Qb4+ 13. Ke2 Qxb2 14. Ne3 Qd4
15. Rab1 e5 16. Bg5 b5 17. Bxb5 e4 18. dxe4 cxb5 19. Rbd1 Qxe4 20. Qxe4+ 1-0

[Event "Weekend Ostia Antica"]
[Site "Ostia - Roma ITA"]
[Date "1996.??.??"]
[Round "5"]
[White "Catena, Marco"]
[Black "Giovannetti, Fabio"]
[Result "1-0"]
[WhiteElo "1630"]
[BlackElo "1471"]
[PlyCount "131"]
[EventDate "1996.??.??"]

1. d4 c5 2. d5 d6 3. e4 Nf6 4. f3 g6 5. Bg5 Bg7 6. c3 Qb6 7. Qc1 Nbd7 8. Na3
Ne5 9. Nc4 Nxc4 10. Bxc4 Bd7 11. a4 a5 12. Ne2 O-O 13. Ra3 Rfe8 14. Rb3 Qc7 15.
Bxf6 Bxf6 16. Bb5 Red8 17. c4 e5 18. O-O Bc8 19. f4 Rf8 20. f5 Qe7 21. Qh6 Bg5
22. Qh3 f6 23. Qg3 Qg7 24. h4 Bh6 25. Qh2 Qe7 26. g4 g5 27. hxg5 Bxg5 28. Kf2
Qg7 29. Rh3 Bd7 30. Rh1 Rf7 31. Bxd7 Rxd7 32. Rb3 Kf8 33. Rb6 Bd2 34. Qh5 Qg5
35. Qxg5 Bxg5 36. Nc3 h6 37. Ne2 Kf7 38. Ng1 Rg8 39. Kf3 Ke8 40. Rh2 Kd8 41.
Nh3 Kc7 42. Rb3 Rdg7 43. Rg2 Bh4 44. Rd3 h5 45. g5 Bxg5 46. Rd1 Bh4 47. Rdg1
Rxg2 48. Rxg2 Rxg2 49. Kxg2 Bg5 50. Ng1 Kd7 51. Kh3 Ke7 52. Ne2 Bd2 53. Kh4 Kf7
54. Kxh5 Kg7 55. Ng1 Kh7 56. Nf3 Bc1 57. b3 Kg7 58. Nh4 Kh7 59. Ng6 Bh6 60. Ne7
Bf8 61. Nc6 b6 62. Na7 Be7 63. Nc8 Bd8 64. Nxd6 Kg7 65. Nb5 Kf7 66. Kh6 {...}
1-0

[Event "Weekend Ostia Antica"]
[Site "Ostia - Roma ITA"]
[Date "1996.??.??"]
[Round "5"]
[White "Fico, Tommaso"]
[Black "Rotondi, Paolo"]
[Result "1-0"]
[WhiteElo "1570"]
[BlackElo "1591"]
[PlyCount "45"]
[EventDate "1996.??.??"]

1. e4 c6 2. Nc3 d5 3. Nf3 dxe4 4. Nxe4 Bg4 5. h3 Bh5 6. d4 Bxf3 7. Qxf3 Qxd4 8.
Bd3 Nd7 9. O-O Ngf6 10. Be3 Qe5 11. Rfe1 Nxe4 12. Bxe4 e6 13. Rad1 Qf6 14. Qg3
Nc5 15. Bf3 h6 16. Qc7 Qe7 17. Bxc6+ bxc6 18. Qxc6+ Nd7 19. Qxa8+ Qd8 20. Qxa7
Be7 21. Rd3 Qc8 22. Red1 Nf6 23. Rc3 1-0

[Event "Weekend Ostia Antica"]
[Site "Ostia - Roma ITA"]
[Date "1996.??.??"]
[Round "5"]
[White "Gardon, Ermanno"]
[Black "Ridolfi, Raffaele"]
[Result "0-1"]
[WhiteElo "1716"]
[BlackElo "1672"]
[PlyCount "38"]
[EventDate "1996.??.??"]

1. e4 c6 2. c4 d5 3. cxd5 cxd5 4. exd5 Nf6 5. Bb5+ Nbd7 6. Nc3 a6 7. Qa4 g6 8.
Nf3 Bg7 9. Bxd7+ Qxd7 10. Qb3 O-O 11. Ne5 Qd8 12. d4 b5 13. Nc6 Qd7 14. a4 Bb7
15. axb5 axb5 16. Rxa8 Rxa8 17. Qxb5 Rc8 18. Ne5 Qxb5 19. Nxb5 Rxc1+ 0-1

[Event "Weekend Ostia Antica"]
[Site "Ostia - Roma ITA"]
[Date "1996.??.??"]
[Round "5"]
[White "Moroni, Marco"]
[Black "Mogranzini, Roberto"]
[Result "1-0"]
[WhiteElo "1842"]
[BlackElo "1771"]
[PlyCount "113"]
[EventDate "1996.??.??"]

1. e4 c5 2. g3 Nc6 3. Bg2 g6 4. c3 Bg7 5. Ne2 Nf6 6. O-O O-O 7. d3 d5 8. exd5
Nxd5 9. Nf4 Nxf4 10. Bxf4 Bf5 11. Qb3 Qb6 12. Qxb6 axb6 13. Be4 Bxe4 14. dxe4
e5 15. Be3 Rfd8 16. Nd2 Bf8 17. Nc4 b5 18. Nb6 Ra6 19. Nd5 Bd6 20. a3 Na5 21.
Rfd1 Nc4 22. Bg5 Rda8 23. Rab1 Kg7 24. Bf6+ Kg8 25. Rd3 h6 26. g4 Rc6 27. Rh3
Bf8 28. Rd3 Kh7 29. b3 Nd6 30. f3 Bg7 31. Bxg7 Kxg7 32. Ne7 Rca6 33. h4 Nc8 34.
Nd5 Rxa3 35. Nc7 Ra1 36. Rxa1 Rxa1+ 37. Kg2 Rb1 38. Rd5 Rxb3 39. Rxc5 Nd6 40.
Rxe5 Rxc3 41. Nxb5 Rc2+ 42. Kg3 Nxb5 43. Rxb5 Rc7 44. Kf4 Kf6 45. Rb6+ Ke7 46.
g5 hxg5+ 47. Kxg5 Kd7 48. f4 Rc5+ 49. f5 gxf5 50. exf5 Kc7 51. Rb1 b5 52. h5
Kb6 53. h6 Ka5 54. Kf6 b4 55. h7 Rc8 56. Kg7 Ka4 57. h8=Q 1-0

[Event "Weekend Ostia Antica"]
[Site "Ostia - Roma ITA"]
[Date "1996.??.??"]
[Round "5"]
[White "Petruccioli, Antonio"]
[Black "Pompa, Alessandro"]
[Result "0-1"]
[WhiteElo "2007"]
[BlackElo "2091"]
[PlyCount "110"]
[EventDate "1996.??.??"]

1. e4 c6 2. d4 d5 3. e5 h5 4. Bd3 c5 5. dxc5 Nc6 6. Nf3 Bg4 7. O-O e6 8. Bb5
Bxc5 9. h3 Bxf3 10. Qxf3 Qb6 11. c4 Nge7 12. Nc3 dxc4 13. Bxc4 Nxe5 14. Bb5+
N5c6 15. b4 Bxb4 16. Rb1 Bxc3 17. Qxc3 O-O 18. Bb2 e5 19. Ba1 Nd4 20. Bd3 Nd5
21. Rxb6 Nxc3 22. Rxb7 Rfc8 23. a3 a5 24. Kh2 Rc5 25. f4 e4 26. Bxc3 Rxc3 27.
Bxe4 Rd8 28. f5 f6 29. a4 Nb3 30. Rf3 Rxf3 31. Bxf3 Nc5 32. Rb5 Nxa4 33. Rxa5
Nc3 34. Bxh5 Kh7 35. Bf3 Rd4 36. g4 Nb1 37. Bd5 Kh6 38. Kg3 Nd2 39. h4 Nf1+ 40.
Kf2 Nh2 41. Kg3 Nxg4 42. Bf7 Ne5 43. Be8 Rg4+ 44. Kh3 Rf4 45. Ra8 Rxf5 46. Ba4
Rf3+ 47. Kg2 Rf4 48. Kg3 Rg4+ 49. Kh3 Rg1 50. Rh8+ Kg6 51. Be8+ Kf5 52. Rh5+
Kf4 53. Rh8 Rg3+ 54. Kh2 Nf3+ 55. Kh1 Rg1# 0-1

[Event "Weekend Ostia Antica"]
[Site "Ostia - Roma ITA"]
[Date "1996.??.??"]
[Round "5"]
[White "Pezzaldi, Roberto"]
[Black "Verrascina, Nicola"]
[Result "1/2-1/2"]
[WhiteElo "2013"]
[BlackElo "2090"]
[PlyCount "26"]
[EventDate "1996.??.??"]

1. c4 e5 2. Nc3 f5 3. d3 Nf6 4. g3 Bc5 5. Bg2 O-O 6. e3 Qe8 7. Nd5 Nxd5 8. cxd5
d6 9. Ne2 Nd7 10. O-O Nf6 11. Bd2 a5 12. Bc3 Bb6 13. d4 e4 1/2-1/2

[Event "Weekend Ostia Antica"]
[Site "Ostia - Roma ITA"]
[Date "1996.??.??"]
[Round "5"]
[White "Quaglia, Ferdinando"]
[Black "Maddaloni, Giovanni"]
[Result "1/2-1/2"]
[WhiteElo "1541"]
[BlackElo "1583"]
[PlyCount "20"]
[EventDate "1996.??.??"]

1. d4 Nf6 2. c4 e6 3. Nc3 d5 4. Bg5 Nbd7 5. cxd5 exd5 6. Nf3 c6 7. e3 Be7 8.
Bd3 h6 9. Bxf6 Nxf6 10. O-O O-O 1/2-1/2

[Event "Weekend Ostia Antica"]
[Site "Ostia - Roma ITA"]
[Date "1996.??.??"]
[Round "5"]
[White "Scacco, Mauro"]
[Black "Cesarini, Lanfranco"]
[Result "1/2-1/2"]
[WhiteElo "2055"]
[BlackElo "1798"]
[PlyCount "156"]
[EventDate "1996.??.??"]

1. e4 e6 2. d4 d5 3. Nc3 Bb4 4. e5 c5 5. a3 Bxc3+ 6. bxc3 Nc6 7. Nf3 Nge7 8. a4
Qa5 9. Bd2 c4 10. h4 Bd7 11. h5 h6 12. Nh4 O-O-O 13. Be2 Rdf8 14. O-O f6 15.
exf6 Rxf6 16. Bg4 g5 17. Nf3 Rhf8 18. Qe2 Nf5 19. Ne5 Nxe5 20. dxe5 R6f7 21.
Kh2 a6 22. Rfb1 Ne7 23. f3 Nf5 24. Rb4 Bc6 25. Be3 d4 26. Bf2 d3 27. cxd3 cxd3
28. Qe1 Qd5 29. Rd1 a5 30. c4 Qd7 31. Rb3 Rd8 32. Qxa5 b6 33. Bxb6 Qb7 34.
Rbxd3 Rxd3 35. Rxd3 Rd7 36. Bxf5 exf5 37. Rd6 Rxd6 38. exd6 Qf7 39. Kg1 Qxc4
40. Qxf5+ Kb7 41. d7 Qc1+ 42. Kh2 Bxd7 43. Qxd7+ Kxb6 44. Qb5+ Ka7 45. Qe5 Qc4
46. Qe8 Qf4+ 47. Kg1 Qd4+ 48. Kf1 Qd1+ 49. Kf2 Qd2+ 50. Qe2 Qb4 51. Qe3+ Ka6
52. Qd3+ Kb7 53. Qd7+ Ka8 54. Qc6+ Ka7 55. Qd7+ Ka8 56. Qe8+ Ka7 57. Qf7+ Ka8
58. Qg8+ Ka7 59. Qh7+ Kb8 60. Qe4 Qd2+ 61. Kg3 Qd6+ 62. f4 Qa3+ 63. Kg4 gxf4
64. Qxf4+ Ka7 65. Qd4+ Ka8 66. Qe4+ Ka7 67. Kh4 Qc1 68. Qd4+ Ka8 69. Qe4+ Ka7
70. Qe7+ Ka8 71. Qe8+ Ka7 72. Qd7+ Ka6 73. Qd5 Ka7 74. g4 Qe1+ 75. Kh3 Qc3+ 76.
Kh4 Qe1+ 77. Kh3 Qc3+ 78. Kh4 Qe1+ 1/2-1/2

[Event "Weekend Ostia Antica"]
[Site "Ostia - Roma ITA"]
[Date "1996.??.??"]
[Round "5"]
[White "Trebeschi, Andrea"]
[Black "Perez, Giorgio"]
[Result "1/2-1/2"]
[WhiteElo "1756"]
[BlackElo "1824"]
[PlyCount "100"]
[EventDate "1996.??.??"]

1. e4 c6 2. d4 d5 3. e5 Bf5 4. h4 h5 5. Ne2 g6 6. Ng3 Bg4 7. f3 Bd7 8. c3 Bh6
9. Bd3 Bxc1 10. Qxc1 e6 11. Qg5 Qxg5 12. hxg5 Ne7 13. Nd2 b6 14. b4 a5 15. Nb3
a4 16. Nd2 b5 17. Kf2 Na6 18. Rh4 Nc7 19. Rah1 O-O-O 20. Ne2 Nf5 21. R4h3 Ng7
22. Nf4 Rhg8 23. Nf1 Nf5 24. Ne3 Nxe3 25. Kxe3 Ne8 26. Ne2 Nc7 27. Kf4 Na8 28.
g4 hxg4 29. Kxg4 Nb6 30. a3 Kc7 31. Ng3 Nc8 32. Nf1 Ne7 33. Rh7 Rdf8 34. Ne3
Nf5 35. Nd1 Ng7 36. R7h2 Nh5 37. f4 Kd8 38. Kf3 Ke7 39. Nf2 Bc8 40. Rh3 Ke8 41.
Ke3 Ke7 42. Be2 Ng7 43. Ng4 Ne8 44. Rh7 Bd7 45. Nf6 Nxf6 46. exf6+ Ke8 47. Rg7
Rh8 48. Rhh7 Rxh7 49. Rxh7 Rg8 50. Bd3 Kf8 1/2-1/2

[Event "Weekend Ostia Antica"]
[Site "Ostia - Roma ITA"]
[Date "1996.??.??"]
[Round "5"]
[White "Vannelli, Vittorio"]
[Black "Barro, Carlo"]
[Result "1/2-1/2"]
[WhiteElo "1633"]
[BlackElo "1771"]
[PlyCount "108"]
[EventDate "1996.??.??"]

1. d4 Nf6 2. c4 g6 3. Nc3 Bg7 4. e4 d6 5. Nf3 O-O 6. Be2 c6 7. O-O Qc7 8. h3
Nbd7 9. Be3 e5 10. dxe5 Nxe5 11. Nd4 b5 12. cxb5 c5 13. Nc2 Be6 14. Nd5 Bxd5
15. exd5 Ne4 16. Rc1 Qe7 17. Na3 f5 18. Rc2 f4 19. Bc1 Qh4 20. Bg4 h5 21. Be6+
Kh7 22. Re1 Ng5 23. Nc4 Nxe6 24. Nxe5 Bxe5 25. dxe6 f3 26. Rxe5 dxe5 27. Qd2
Qf6 28. Qd7+ Kg8 29. e7 Rfe8 30. Rxc5 Qxe7 31. Qd5+ Qe6 32. Qxf3 Rac8 33. Be3
Rxc5 34. Bxc5 Qxa2 35. b3 Qa1+ 36. Kh2 e4 37. Qe3 Qe5+ 38. g3 h4 39. Bd4 hxg3+
40. fxg3 Qc7 41. h4 Qc2+ 42. Kh3 Qd3 43. Bxa7 Qxe3 44. Bxe3 Re5 45. b6 Rb5 46.
Kg4 Rxb3 47. Kf4 Kf7 48. Kxe4 Ke6 49. Kf4 Rb5 50. g4 Kd5 51. Kg5 Ke4+ 52. Kxg6
Kxe3 53. h5 Kf4 54. h6 Rxb6+ 1/2-1/2

[Event "Weekend Ostia Antica"]
[Site "Ostia - Roma ITA"]
[Date "1996.??.??"]
[Round "6"]
[White "Barro, Carlo"]
[Black "Trebeschi, Andrea"]
[Result "1-0"]
[WhiteElo "1771"]
[BlackElo "1756"]
[PlyCount "147"]
[EventDate "1996.??.??"]

1. d4 Nf6 2. c4 d6 3. Nc3 g6 4. e4 Bg7 5. f3 O-O 6. Be3 Nc6 7. Bd3 e5 8. Nge2
Ne8 9. d5 Ne7 10. g4 f5 11. gxf5 gxf5 12. Qd2 f4 13. Bf2 Bf6 14. h4 h5 15.
O-O-O Kh8 16. c5 a6 17. Rdg1 Rg8 18. Rxg8+ Nxg8 19. c6 b6 20. Ng1 Qe7 21. Bf1
Ng7 22. Bh3 Nh6 23. Bxc8 Rxc8 24. Nh3 Nf7 25. Qe1 Rg8 26. Ng5 Nxg5 27. hxg5
Bxg5 28. Qg1 Kh7 29. Qg4 Kg6 30. Qh3 Kf7 31. Qf1 Ra8 32. Rg1 Bh4 33. Qg2 Rg8
34. Nd1 Bxf2 35. Nxf2 Qf6 36. Nh3 Rh8 37. Ng5+ Kf8 38. Qh3 Qe7 39. Qc8+ Ne8 40.
Ne6+ Kf7 41. Nd8+ Kf8 42. Qf5+ Qf6 43. Qd7 Qe7 44. Ne6+ Kf7 45. Rg5 h4 46. Rf5+
Nf6 47. Ng5+ Kf8 48. Qc8+ Kg7 49. Ne6+ Kh7 50. Qxa6 Rg8 51. Qf1 Rg3 52. Rg5
Rxg5 53. Nxg5+ Kh6 54. Ne6 Qf7 55. Qh3 Qh5 56. Nxc7 Nxe4 57. fxe4 f3 58. Kc2 f2
59. Qe3+ Kh7 60. Qxf2 h3 61. Ne6 h2 62. Qg2 Qh6 63. Ng5+ Qxg5 64. Qxh2+ Kg7 65.
c7 Qg4 66. Kd3 Qd1+ 67. Qd2 Qf3+ 68. Qe3 Qd1+ 69. Kc3 Qg4 70. Qxb6 Qd1 71. Qe3
Qg4 72. b4 Qc8 73. Qg5+ Kh7 74. Qe7+ 1-0

[Event "Weekend Ostia Antica"]
[Site "Ostia - Roma ITA"]
[Date "1996.??.??"]
[Round "6"]
[White "Brandi, Flaviano"]
[Black "Mogranzini, Roberto"]
[Result "1/2-1/2"]
[WhiteElo "1755"]
[BlackElo "1771"]
[PlyCount "69"]
[EventDate "1996.??.??"]

1. e4 c5 2. Nf3 d6 3. d4 cxd4 4. Nxd4 Nf6 5. Nc3 a6 6. Bc4 e6 7. Bb3 Be7 8. O-O
Nc6 9. Be3 Qc7 10. f4 O-O 11. Kh1 Na5 12. f5 Nxb3 13. axb3 Bd7 14. g4 e5 15. g5
exd4 16. gxf6 Bxf6 17. Nd5 Qd8 18. Bxd4 Bxd4 19. Qxd4 Bc6 20. f6 Bxd5 21. exd5
Qd7 22. Rg1 g6 23. Qh4 Qf5 24. Raf1 Qxd5+ 25. Rg2 Kh8 26. Qh6 Rg8 27. c4 Qe4
28. Rf4 Qe1+ 29. Rg1 Qe3 30. Rg3 Qe1+ 31. Kg2 Qe2+ 32. Kg1 Qh5 33. Rh4 Qd1+ 34.
Kg2 Qc2+ 35. Kh1 1/2-1/2